000 01713aaa a2200301 a 4500
003 BLK
005 20250609155122.0
007 ta
008 221104b bu |||||r|||| 00| | bu d
040 _aBLK
041 _aBUL
_cBUL
080 _aБългария (1878-1885)
_b94(497.2)"1878/1885"
_z94(497.2)"1878/1885"
100 _9346515
_aКочанков, Николай Димитров
245 _aОбзор на сбирка "Документи" от български и чужд произход в колекция "България и славянския свят" на НИМ
_bЧ. 2. (От Освобождението до 1944 г.)
_cНиколай Кочанков
300 _aт. ХХХVІІ, с. 205-242
500 _aТекст и на англ. ез.
520 _aс. 210 - документи за Българо-македонския централен революционен комитет "Искра", основан в Русе през 1885 г.; с. 212-213 - документи за посрещането на граф Игнатиев в Русе през 1902 г.; с. 221 - документи за Симеон Ванков
653 _9185390
_aдокументи
653 _9191868
_aНационален исторически музей
653 _9188913
_aкомитети
653 _9196578
_aСимеон Ванков
653 _9192269
_aНиколай Игнатиев
773 0 _tИзвестия на Националния исторически музей
_x1311-5219
_w290640
_i. //
856 _i0.00
_ldisable
942 _2udc
_cKNG
_n0
_s1
944 _cВаля Йорданова
_k30558
_lВаля Йорданова
999 _c539868
_d539868
999 _d539868